[Event "Reykjavik Open 2024"]
[Site "Reykjavik ISL"]
[Date "2024.03.20"]
[Round "8.32"]
[White "Schliebener, Stephan"]
[Black "Tania, Sachdev"]
[Result "1/2-1/2"]
[BlackTitle "IM"]
[WhiteElo "2088"]
[BlackElo "2393"]
[WhiteFideId "4621662"]
[BlackFideId "5007844"]
[EventDate "2024.03.15"]

1. d4 Nf6 2. c4 e6 3. Nc3 Bb4 4. Qc2 d5 5. a3 Bxc3+ 6. Qxc3 O-O 7. Bg5 dxc4 8.
Qxc4 b6 9. Nf3 Bb7 10. e3 Qe7 11. Be2 Rc8 12. O-O c5 13. Rac1 Nbd7 14. Ne5 h6
15. Bxf6 Nxf6 16. Bf3 Nd5 17. Nd3 a5 18. dxc5 Ba6 19. Qc2 bxc5 20. Rfd1 Rab8 21.
Ne5 Qg5 22. Nc4 Bxc4 23. Qxc4 Rxb2 24. Bxd5 exd5 25. Qxd5 Qf6 26. Rd2 Rcb8 27.
f4 Qe7 28. Rc3 Rb1+ 29. Rd1 g6 30. h3 Rxd1+ 31. Qxd1 Qe4 32. Qc2 Qxc2 33. Rxc2
Rb3 34. a4 Rb4 35. Rxc5 Rxa4 36. g4 Ra2 37. e4 a4 38. e5 Re2 39. Ra5 Re4 40. f5
gxf5 41. gxf5 Kg7 42. Kg2 Rf4 43. e6 fxe6 44. fxe6 Kf6 45. Ra6 h5 46. Kg3 Rb4
47. Kf3 Rb3+ 48. Kg2 Rb2+ 49. Kg3 Rb4 50. Kf3 Ke7 51. Kf2 Rc4 52. Kg2 Kf6 53.
Kf2 Rc2+ 54. Kg3 Rc4 55. Kf2 h4 56. Kg2 Rf4 57. Kg1 Rb4 58. Kg2 Rb2+ 59. Kf3
Rb3+ 60. Kg4 Rb4+ 61. Kf3 Rc4 62. Kf2 Rf4+ 63. Ke3 Rb4 64. Kf3 Ke7 65. Kf2 Rf4+
66. Ke3 Rb4 1/2-1/2

[Event "Reykjavik Open 2024"]
[Site "Reykjavik ISL"]
[Date "2024.03.20"]
[Round "8.33"]
[White "Wehding, Anton Bonsvig"]
[Black "Thorhallsson, Throstur"]
[Result "0-1"]
[BlackTitle "GM"]
[WhiteElo "2056"]
[BlackElo "2388"]
[WhiteFideId "1463217"]
[BlackFideId "2300109"]
[EventDate "2024.03.15"]

1. d4 Nf6 2. Nc3 e6 3. Bf4 b6 4. e4 Bb7 5. Bd3 d5 6. exd5 Nxd5 7. Nxd5 Qxd5 8.
Nf3 Bd6 9. Bxd6 cxd6 10. O-O Nd7 11. Re1 Qh5 12. Nd2 Qg5 13. Be4 Bxe4 14. Nxe4
Qe7 15. c4 O-O 16. Rc1 Rac8 17. Re3 f5 18. Nd2 e5 19. dxe5 dxe5 20. Nf3 e4 21.
Qd5+ Kh8 22. Nd4 Nc5 23. f4 Nd3 24. Rf1 Rcd8 25. Nxf5 Qf6 26. Qxe4 Nc5 27. Qe7
Qxf5 28. Qxa7 Qf6 29. Re2 Qd4+ 0-1

[Event "Reykjavik Open 2024"]
[Site "Reykjavik ISL"]
[Date "2024.03.20"]
[Round "8.34"]
[White "Weigand, Anton"]
[Black "Sidhant, Mohapatra"]
[Result "0-1"]
[BlackTitle "IM"]
[WhiteElo "2036"]
[BlackElo "2379"]
[WhiteFideId "16221915"]
[BlackFideId "5028698"]
[EventDate "2024.03.15"]

1. e4 e5 2. Nf3 Nc6 3. Bb5 a6 4. Ba4 Nf6 5. Nc3 Bd6 6. O-O O-O 7. Re1 Re8 8. d3
h6 9. Nh4 Nd4 10. Ne2 c5 11. c3 Nxe2+ 12. Qxe2 Bf8 13. Nf5 b5 14. Bb3 d5 15. Ng3
Bg4 16. f3 Be6 17. Be3 d4 18. Bxe6 Rxe6 19. cxd4 cxd4 20. Bd2 Rc8 21. Rec1 Rec6
22. Qd1 Nd7 23. Rxc6 Rxc6 24. Rc1 Qc8 25. Rxc6 Qxc6 26. Kf2 Nc5 27. Qb1 g6 28.
Ke2 h5 29. Qc2 Qd7 30. Bb4 Nxd3 31. Kxd3 Bxb4 32. Ne2 Kg7 33. Nc1 Qe7 34. Qb3
Qg5 35. Qxb4 Qxc1 36. Qd6 Qd1# 0-1

[Event "Reykjavik Open 2024"]
[Site "Reykjavik ISL"]
[Date "2024.03.20"]
[Round "8.35"]
[White "Dauner, Benedikt"]
[Black "Mardell, Jimmy"]
[Result "1-0"]
[WhiteTitle "FM"]
[WhiteElo "2366"]
[BlackElo "2172"]
[WhiteFideId "16225899"]
[BlackFideId "1705610"]
[EventDate "2024.03.15"]

1. e4 c5 2. Na3 e6 3. Nf3 d5 4. exd5 exd5 5. d4 Nf6 6. Bb5+ Bd7 7. O-O c4 8. b3
Bxb5 9. Nxb5 a6 10. Re1+ Ne4 11. Nc3 Bb4 12. Nxe4 Bxe1 13. Neg5 Bb4 14. Ne5 O-O
15. Qh5 h6 16. Ngxf7 Qf6 17. Bg5 Qe6 18. Nxh6+ gxh6 19. Bxh6 Qf5 20. Qh4 Rf6 21.
Qg3+ Rg6 22. Nxg6 Kh7 23. Ne7 Qf6 24. Nxd5 Qxd4 25. c3 1-0

[Event "Reykjavik Open 2024"]
[Site "Reykjavik ISL"]
[Date "2024.03.20"]
[Round "8.36"]
[White "Heimisson, Hilmir Freyr"]
[Black "Mai, Alexander Oliver"]
[Result "1-0"]
[WhiteTitle "IM"]
[WhiteElo "2355"]
[BlackElo "2160"]
[WhiteFideId "2309998"]
[BlackFideId "2313391"]
[EventDate "2024.03.15"]

1. c4 e6 2. Nc3 d5 3. d4 Be7 4. Nf3 Nf6 5. g3 O-O 6. Bg2 dxc4 7. Ne5 c5 8. dxc5
Qxd1+ 9. Nxd1 Bxc5 10. O-O Nd5 11. Ne3 Nxe3 12. Bxe3 Bxe3 13. fxe3 Nd7 14. Nxc4
Nf6 15. Rac1 Rb8 16. Ne5 Nd5 17. Bxd5 exd5 18. Kf2 Re8 19. Nf3 Re7 20. Rc5 Be6
21. Rfc1 Kf8 22. Nd4 a6 23. Ke1 Rd8 24. Kd2 g6 25. R1c3 Red7 26. Rb3 Ke7 27. Rb6
Kf6 28. Ke1 Re8 29. Kf2 h5 30. h4 Kg7 31. a4 Bg4 32. a5 Be6 33. Rc3 Rde7 34.
Rcb3 Bc8 35. Rd6 Re5 36. Rc3 Kf8 37. Rc7 Kg8 38. Rc5 Rxe3 39. Rxc8 1-0

[Event "Reykjavik Open 2024"]
[Site "Reykjavik ISL"]
[Date "2024.03.20"]
[Round "8.37"]
[White "Mensing, Adrian"]
[Black "Domalchuk-Jonasson, Aleksandr"]
[Result "0-1"]
[BlackTitle "FM"]
[WhiteElo "1980"]
[BlackElo "2355"]
[WhiteFideId "1043293"]
[BlackFideId "14142805"]
[EventDate "2024.03.15"]

1. d4 d5 2. c4 e6 3. Nf3 a6 4. g3 dxc4 5. Bg2 b5 6. O-O Bb7 7. a4 Nf6 8. axb5
axb5 9. Rxa8 Bxa8 10. Nc3 b4 11. Nb1 Nbd7 12. Qa4 Nd5 13. e4 Nb6 14. Qc2 Nf6 15.
e5 Be4 16. Qd1 Bxb1 17. exf6 gxf6 18. Nd2 Bd3 19. Bc6+ Ke7 20. Ne4 Bxf1 21. Bd2
c3 22. bxc3 Bd3 23. c4 Qxd4 24. Bxb4+ Kd8 25. Bc3 Qxc4 26. Bxf6+ Kc8 0-1

[Event "Reykjavik Open 2024"]
[Site "Reykjavik ISL"]
[Date "2024.03.20"]
[Round "8.38"]
[White "Mannion, Stephen R"]
[Black "Botez, Alexandra"]
[Result "1/2-1/2"]
[WhiteTitle "IM"]
[BlackTitle "WFM"]
[WhiteElo "2166"]
[BlackElo "1986"]
[WhiteFideId "2400111"]
[BlackFideId "2603365"]
[EventDate "2024.03.15"]

1. e4 e6 2. d4 d5 3. Nd2 Be7 4. Bd3 Nf6 5. Ngf3 c5 6. e5 Nfd7 7. c3 Nc6 8. O-O
a5 9. Re1 cxd4 10. cxd4 Qb6 11. Qa4 g5 12. Nb3 g4 13. Nfd2 Qc7 14. Nc5 Bxc5 15.
dxc5 Nxc5 16. Qa3 Nxd3 17. Qxd3 Nb4 18. Qe2 Nc2 19. Rb1 Nxe1 20. Qxe1 Qc2 21.
Ra1 Bd7 22. Nb3 a4 23. Nd4 Qe4 24. Qb4 Qxe5 25. g3 Qg7 26. Bf4 Rc8 27. b3 h5 28.
Re1 Qh7 29. Bg5 f6 30. Nxe6 Kf7 31. Nf8 Rhxf8 32. Re7+ Kg8 33. Rxh7 Kxh7 34. Be3
Kg6 35. bxa4 Bf5 36. Qf4 Rh8 37. h4 Rc4 38. Qd6 Be4 39. Kf1 Rhc8 40. Ke1 Bf3 41.
a5 d4 42. Bf4 Rc2 43. Qd7 Re2+ 44. Kf1 Rce8 45. Bd2 R8e4 46. Qd8 Rxd2 47. Qg8+
Kf5 48. Qh7+ Ke6 49. Qg8+ Ke7 50. Qg7+ Kd8 51. Qxf6+ Kd7 52. Qf7+ Kd6 53. Qf6+
Kd7 54. Qf7+ Re7 55. Qf5+ Kc6 56. Qf6+ Kd7 57. Qf5+ Kd8 58. Qf8+ Re8 59. Qf6+
Kc8 60. Qf5+ Kd8 61. Qf6+ Kd7 62. Qf7+ Re7 63. Qf5+ Kd6 64. Qf4+ Kd5 65. Qxd2
Re2 66. Qb4 Ke4 67. Qxb7+ Kd3 68. Qb3+ Kd2 69. Qb2+ Kd3 70. Qb3+ Kd2 71. Qb2+
Kd3 1/2-1/2

[Event "Reykjavik Open 2024"]
[Site "Reykjavik ISL"]
[Date "2024.03.20"]
[Round "8.39"]
[White "Botez, Andrea"]
[Black "Van Veenendaal, Elmer"]
[Result "0-1"]
[WhiteElo "1825"]
[BlackElo "2027"]
[WhiteFideId "2614324"]
[BlackFideId "1026801"]
[EventDate "2024.03.15"]

1. d4 e6 2. Nc3 d5 3. Bf4 Nf6 4. e3 Be7 5. Bd3 a6 6. Nf3 Nbd7 7. Ne5 c5 8. dxc5
Nxc5 9. O-O O-O 10. a3 Bd6 11. Ne2 Qc7 12. Nf3 e5 13. Bxh7+ Nxh7 14. b4 Ne4 15.
Bg3 Be6 16. Rc1 Rac8 17. Re1 Rfd8 18. Bh4 f6 19. Nd2 Nc3 20. Nxc3 Qxc3 21. Nb3
Qc4 22. Bg3 Ng5 23. f3 b6 24. Qd2 a5 25. bxa5 Bxa3 26. axb6 Bxc1 27. Rxc1 Qb5
28. h4 Nf7 29. b7 Qxb7 30. Qd3 d4 0-1

[Event "Reykjavik Open 2024"]
[Site "Reykjavik ISL"]
[Date "2024.03.20"]
[Round "8.40"]
[White "Vega, Isaac"]
[Black "Saine, Zachary"]
[Result "0-1"]
[WhiteElo "1818"]
[BlackElo "2010"]
[WhiteFideId "30914035"]
[BlackFideId "2624346"]
[EventDate "2024.03.15"]

1. e4 e5 2. Nf3 Nc6 3. Bb5 a6 4. Ba4 Nf6 5. O-O b5 6. Bb3 Be7 7. Re1 d6 8. c3
O-O 9. h3 Na5 10. Bc2 d5 11. Nxe5 dxe4 12. d4 exd3 13. Bxd3 Bb7 14. Nd2 Re8 15.
Ndf3 Qd5 16. Bf4 c5 17. b3 c4 18. bxc4 Nxc4 19. Nxc4 bxc4 20. Bc2 Ba3 21. Qxd5
Nxd5 22. Rxe8+ Rxe8 23. Ba4 Re2 24. Rb1 Rb2 25. Re1 Nxf4 26. Re8+ Bf8 27. Ne5
Rxa2 28. Nd7 Ne6 29. Nb6 Rxa4 30. Rxf8+ Kxf8 31. Nxa4 Bc6 32. Kf1 0-1

[Event "Reykjavik Open 2024"]
[Site "Reykjavik ISL"]
[Date "2024.03.20"]
[Round "8.41"]
[White "Lohia, Sohum"]
[Black "MacKinnon, Keith"]
[Result "1/2-1/2"]
[WhiteTitle "FM"]
[WhiteElo "2354"]
[BlackElo "2142"]
[WhiteFideId "5819369"]
[BlackFideId "2601990"]
[EventDate "2024.03.15"]

1. e4 d5 2. exd5 Qxd5 3. Nc3 Qd6 4. d4 Nf6 5. Nf3 c6 6. g3 Bf5 7. Bg2 e6 8. O-O
h6 9. Ne2 Be7 10. c4 O-O 11. a3 Qd8 12. Bf4 Nbd7 13. Nc3 Ne4 14. Nxe4 Bxe4 15.
Re1 Nf6 16. Qb3 Qb6 17. Qc3 a5 18. Be5 Bg6 19. c5 Qd8 20. Bxf6 Bxf6 21. Ne5 Bxe5
22. dxe5 Qd3 23. Qxd3 Bxd3 24. Rad1 Rfd8 25. Re3 Bc4 26. Rd6 Kf8 27. Rc3 Ba2 28.
b3 Ke7 29. Be4 a4 30. b4 Bd5 31. Bc2 f6 32. Rxd8 Kxd8 33. exf6 gxf6 34. f4 Kc7
35. Kf2 b6 36. cxb6+ Kxb6 37. g4 Rg8 38. Kg3 f5 39. h3 fxg4 40. hxg4 e5 41. fxe5
h5 42. Bf5 hxg4 43. Bc2 Kb5 44. Rc5+ Kb6 45. Rc3 Kb5 46. Bd3+ Kb6 47. Bc4 Bxc4
48. Rxc4 Re8 49. Re4 c5 50. Kxg4 Kc6 51. bxc5 Kd5 52. Kf4 Rf8+ 53. Ke3 Rh8 54.
Rxa4 Rh3+ 55. Kd2 Kxe5 56. c6 Kd6 57. Ra6 Kc7 58. a4 Rh6 59. Ra7+ Kb6 60. Rg7 1/2-1/2

[Event "Reykjavik Open 2024"]
[Site "Reykjavik ISL"]
[Date "2024.03.20"]
[Round "8.42"]
[White "Prado, Alexandra"]
[Black "Seshadri, Sridhar"]
[Result "1-0"]
[WhiteTitle "WCM"]
[WhiteElo "1877"]
[BlackElo "1680"]
[WhiteFideId "3301346"]
[BlackFideId "30913942"]
[EventDate "2024.03.15"]

1. e4 c5 2. Nc3 e5 3. Bc4 Nf6 4. d3 h6 5. f4 exf4 6. Bxf4 d6 7. Nf3 Bg4 8. h3
Be6 9. O-O Be7 10. Bxe6 fxe6 11. e5 dxe5 12. Nxe5 O-O 13. Qe2 Qd4+ 14. Kh1 Nd5
15. Nxd5 Qxd5 16. Ng6 Rf7 17. c4 Qd7 18. Ne5 Qc8 19. Nxf7 Nc6 20. Ne5 Nd4 21.
Qh5 Bf6 22. Qf7+ Kh7 23. Qg6+ Kg8 24. Ng4 Qf8 25. Bd6 1-0

[Event "Reykjavik Open 2024"]
[Site "Reykjavik ISL"]
[Date "2024.03.20"]
[Round "8.43"]
[White "Rathbone-Jones, Ifan"]
[Black "Stelmaszyk, Nico"]
[Result "0-1"]
[BlackTitle "FM"]
[WhiteElo "1966"]
[BlackElo "2347"]
[WhiteFideId "1803859"]
[BlackFideId "16200462"]
[EventDate "2024.03.15"]

1. d4 d5 2. Bf4 Nf6 3. Nf3 c5 4. e3 Nc6 5. Nbd2 Nh5 6. Bg3 Nxg3 7. hxg3 g6 8. c3
Qb6 9. Qc2 Bg7 10. a4 Bf5 11. Bd3 Bxd3 12. Qxd3 Qxb2 13. Rb1 Qa3 14. Qb5 O-O 15.
O-O cxd4 16. cxd4 Qd6 17. Qxb7 Rab8 18. Qa6 Nxd4 19. Qxd6 Ne2+ 20. Kh2 exd6 21.
a5 d4 22. exd4 Nxd4 23. Nxd4 Bxd4 24. Ne4 d5 25. Rbd1 Rb4 26. Ng5 Rd8 27. Rc1
Rd7 28. Nf3 Bf6 29. Rc6 Kg7 30. Rd1 d4 31. Rd3 Rd5 32. a6 Rh5+ 33. Nh4 g5 34.
Rf3 Rh6 35. Rc7 Rxh4+ 0-1

[Event "Reykjavik Open 2024"]
[Site "Reykjavik ISL"]
[Date "2024.03.20"]
[Round "8.44"]
[White "Roberts, Tallulah"]
[Black "Novak, Vjekoslav"]
[Result "1/2-1/2"]
[WhiteTitle "WCM"]
[WhiteElo "1671"]
[BlackElo "1833"]
[WhiteFideId "15600572"]
[BlackFideId "14511584"]
[EventDate "2024.03.15"]

1. d4 f5 2. Nc3 d5 3. Bf4 Nf6 4. e3 c6 5. Bd3 e6 6. Nf3 Bd6 7. Bxd6 Qxd6 8. Ne5
O-O 9. Qe2 Ne4 10. f3 Nxc3 11. bxc3 Nd7 12. Nxd7 Bxd7 13. O-O e5 14. e4 Rae8 15.
dxe5 Qc5+ 16. Qf2 Qxf2+ 17. Rxf2 fxe4 18. fxe4 Rxf2 19. Kxf2 dxe4 20. Bxe4 Rxe5
21. Bd3 Be6 22. a3 Kf7 23. Rb1 b6 24. Rb4 h6 25. Ra4 a5 26. Rd4 Ke7 27. g3 c5
28. Rh4 Kd6 29. c4 Bc8 30. Rf4 Ke7 31. Re4 Rxe4 32. Bxe4 Kf6 33. c3 Ke5 34. Ke3
Bh3 35. Bd3 g5 36. a4 Bg4 37. Bc2 h5 38. Bb3 Bf5 39. Bd1 g4 40. Bb3 Bb1 41. Bd1
Kf5 42. Bb3 Kg5 43. Bd1 Kf6 44. Bb3 Ke5 45. Bd1 Ba2 46. Kd3 Bb1+ 47. Ke3 Bf5 48.
Bb3 Bg6 49. Bd1 Be8 50. Bb3 Bc6 51. Bd1 Kf5 52. Bb3 Kg5 53. Bd1 Bd7 54. Bb3 1/2-1/2

[Event "Reykjavik Open 2024"]
[Site "Reykjavik ISL"]
[Date "2024.03.20"]
[Round "8.45"]
[White "Dhruv Rattan"]
[Black "Kazarian, Anna-Maja"]
[Result "1/2-1/2"]
[BlackTitle "FM"]
[WhiteElo "1831"]
[BlackElo "2206"]
[WhiteFideId "45007993"]
[BlackFideId "1033689"]
[EventDate "2024.03.15"]

1. e4 e6 2. d4 d5 3. e5 c5 4. c3 Qb6 5. Nf3 Bd7 6. Be2 Bb5 7. Bxb5+ Qxb5 8. Na3
Qd7 9. Nc2 Nc6 10. O-O Nge7 11. Bd2 Ng6 12. h4 h5 13. g3 f6 14. exf6 gxf6 15. b4
c4 16. b5 Nce7 17. Re1 Nf5 18. Qe2 Kf7 19. a4 Bd6 20. Ne3 Rag8 21. Ng2 Nf8 22.
Bf4 Bxf4 23. Nxf4 Qd6 24. Kh2 Rg4 25. Qd2 Rhg8 26. Rg1 Ng6 27. Nxg6 R8xg6 28.
Kh1 e5 29. dxe5 fxe5 30. Nh2 Re4 31. Nf3 Kg7 32. Qc2 Qf6 33. Ng5 Rg4 34. Kh2
Nxh4 35. gxh4 Rxh4+ 36. Nh3 Rgg4 37. Rg3 d4 38. Rag1 d3 39. Qd2 Qf4 40. Qe3 b6
41. Kg2 Rxg3+ 42. Qxg3+ Qxg3+ 43. fxg3 Re4 44. Kf3 Re2 45. Nf2 Kg6 46. g4 h4 47.
g5 h3 48. Ne4 h2 49. Rh1 Rc2 50. Ke3 Re2+ 51. Kf3 Ra2 52. Ke3 Rxa4 53. Rxh2 Ra1
54. Rh6+ Kg7 55. Rc6 Re1+ 56. Kf3 Rf1+ 57. Ke3 Re1+ 58. Kf3 Rf1+ 59. Ke3 1/2-1/2

[Event "Reykjavik Open 2024"]
[Site "Reykjavik ISL"]
[Date "2024.03.20"]
[Round "8.46"]
[White "Ragnarsson, Dagur"]
[Black "Harish, Neeraj"]
[Result "1-0"]
[WhiteTitle "IM"]
[BlackTitle "CM"]
[WhiteElo "2337"]
[BlackElo "2090"]
[WhiteFideId "2304058"]
[BlackFideId "30958130"]
[EventDate "2024.03.15"]

1. d4 Nf6 2. c4 g6 3. f3 d5 4. cxd5 Nxd5 5. e4 Nb6 6. Nc3 Bg7 7. Be3 O-O 8. Qd2
e5 9. d5 c6 10. h4 cxd5 11. exd5 N8d7 12. h5 Nf6 13. hxg6 fxg6 14. O-O-O Bd7 15.
Bh6 Rc8 16. Bxg7 Kxg7 17. Kb1 Nc4 18. Bxc4 Rxc4 19. Nge2 b5 20. b3 Rc8 21. Ng3
Kg8 22. Rhe1 Re8 23. Kb2 Qa5 24. Nce4 Qxd2+ 25. Rxd2 Nxe4 26. Nxe4 Re7 27. b4
Kg7 28. Nc5 Rd8 29. f4 Kf6 30. Rde2 e4 31. Nxe4+ Kg7 32. Nc5 Rxe2+ 33. Rxe2 Bf5
34. Rd2 Rd6 35. Kc3 Kf7 36. Kd4 Kf6 37. g4 Bxg4 38. Ne4+ Ke7 39. Nxd6 Kxd6 40.
Rd3 a6 41. Rc3 Bd7 42. f5 Bxf5 43. Rc6+ Ke7 44. Rxa6 h5 45. Ke5 h4 46. a4 bxa4
47. Rxa4 Bd7 48. d6+ Kd8 49. Ra8+ Bc8 50. b5 h3 51. b6 h2 52. b7 h1=Q 53.
bxc8=Q# 1-0

[Event "Reykjavik Open 2024"]
[Site "Reykjavik ISL"]
[Date "2024.03.20"]
[Round "8.47"]
[White "Kistrup, Nicolai"]
[Black "Paasikangas, Johanna"]
[Result "0-1"]
[WhiteTitle "FM"]
[BlackTitle "FM"]
[WhiteElo "2324"]
[BlackElo "2046"]
[WhiteFideId "1444816"]
[BlackFideId "500879"]
[EventDate "2024.03.15"]

1. e4 g6 2. d4 Bg7 3. Nc3 c5 4. d5 d6 5. Nf3 a6 6. a4 b6 7. Nd2 Nf6 8. Be2 O-O
9. O-O e5 10. Nc4 Ne8 11. f4 f5 12. fxe5 dxe5 13. d6 Be6 14. Nd5 Nd7 15. Ne7+
Kh8 16. Bg5 Qb8 17. Nc6 Qc8 18. Nd8 Bg8 19. Be7 Nef6 20. exf5 Rxd8 21. fxg6 hxg6
22. Ra3 e4 23. Nxb6 Nxb6 24. Rxf6 Nd5 25. Bxd8 Nxf6 26. Be7 Qf5 27. Rh3+ Bh7 28.
Bc4 Ng4 29. c3 Nf2 30. Qd5 Nxh3+ 31. gxh3 Ra7 32. Qe6 Be5 33. Qxf5 gxf5 34. Be6
Bxd6 35. Bxd6 Kg7 36. Bxc5 Ra8 37. Bd4+ Kg6 38. b4 Bg8 39. Bxg8 Rxg8 40. b5 axb5
41. axb5 f4 42. Kf2 Ra8 43. b6 Ra2+ 44. Ke1 Ra1+ 45. Ke2 Kf5 46. c4 Rb1 47. c5
Ke6 48. c6 Kd6 49. c7 Kd7 50. Kd2 Kc8 51. Be5 f3 52. Bd4 Rb4 53. Bc5 Rb2+ 54.
Kc1 Rxh2 0-1

[Event "Reykjavik Open 2024"]
[Site "Reykjavik ISL"]
[Date "2024.03.20"]
[Round "8.48"]
[White "Honey, Luke Anthony"]
[Black "Karsten, Jan"]
[Result "0-1"]
[BlackTitle "IM"]
[WhiteElo "1939"]
[BlackElo "2323"]
[WhiteFideId "343403425"]
[BlackFideId "14350653"]
[EventDate "2024.03.15"]

1. e4 c5 2. Nf3 d6 3. d4 cxd4 4. Qxd4 Nc6 5. Bb5 a6 6. Bxc6+ bxc6 7. Nc3 e5 8.
Qc4 Ne7 9. Bg5 Be6 10. Qa4 f6 11. Be3 Kf7 12. Rd1 Qc7 13. O-O d5 14. Bc5 d4 15.
Ne2 Nc8 16. Bxf8 Rxf8 17. c3 c5 18. cxd4 cxd4 19. Rc1 Qd7 20. Qa5 Ne7 21. Rc5
Rac8 22. Rfc1 Rxc5 23. Rxc5 Rc8 24. Nd2 Rxc5 25. Qxc5 Qa4 26. Qc2 Qxa2 27. f4
Bg4 28. Kf2 Bxe2 29. Kxe2 exf4 30. Kd3 Qe6 31. Qc5 Nc6 32. h3 g5 33. b4 h5 34.
b5 axb5 35. Qxb5 Kg6 36. Qc5 Ne5+ 37. Kxd4 Qa6 38. Qd5 Qa1+ 39. Kc5 Qa5+ 40. Kd4
Qxd2+ 0-1

[Event "Reykjavik Open 2024"]
[Site "Reykjavik ISL"]
[Date "2024.03.20"]
[Round "8.49"]
[White "Mendes Aaron Reeve"]
[Black "Brackmann, Hendrik"]
[Result "0-1"]
[WhiteTitle "FM"]
[WhiteElo "2309"]
[BlackElo "2037"]
[WhiteFideId "25954938"]
[BlackFideId "12905135"]
[EventDate "2024.03.15"]

1. e4 e6 2. Nf3 d5 3. Nc3 Nf6 4. e5 Nfd7 5. d4 c5 6. Ne2 Nc6 7. c3 Be7 8. g3 O-O
9. Bg2 b5 10. O-O a5 11. Nf4 Nb6 12. h4 b4 13. Kh2 a4 14. a3 bxc3 15. bxc3 Na5
16. Rh1 Nb3 17. Ra2 Nc4 18. Ng5 h6 19. Ngh3 Nxc1 20. Qxc1 Bd7 21. Bf1 cxd4 22.
Bxc4 dxc4 23. cxd4 Bc6 24. Rd1 Bf3 25. Rdd2 Qc7 26. Rac2 Rfc8 27. Rc3 Qc6 28.
Rdc2 Bd5 29. Nxd5 exd5 30. Nf4 Rab8 31. Qh1 Rb5 32. Qf3 Qd7 33. Kg2 Rd8 34. Re2
Rb3 35. e6 fxe6 36. Nxe6 Rdb8 37. Nf4 Rxc3 38. Qxc3 Bxh4 39. gxh4 Rb3 40. Qc1
Qg4+ 41. Kf1 Rf3 42. Ng2 Rh3 43. Re8+ Kf7 44. Qf4+ Qxf4 45. Nxf4 Rf3 46. Re5
Rxf4 47. Rxd5 c3 48. h5 c2 49. Rc5 Rxd4 50. Rxc2 Rd3 51. Rc7+ Kf6 52. Rc5 Rxa3
53. Ra5 Ke6 54. Kg2 Kd6 55. Ra7 Kc5 56. Rxg7 Rc3 57. Rg6 Kb4 58. Rxh6 Rc5 59.
Rb6+ Ka5 60. Rh6 a3 61. Rh8 Kb4 62. h6 a2 63. Rb8+ Rb5 64. Ra8 Ra5 65. Rb8+ Ka4
66. h7 a1=Q 67. h8=Q Rg5+ 68. Kf3 Qd1+ 69. Ke3 Qe1+ 70. Kf4 Qd2+ 71. Ke4 Qd5+
72. Kf4 Rf5+ 73. Ke3 Qf3+ 74. Kd2 Rd5+ 75. Kc2 Qd1+ 76. Kb2 Rd2+ 77. Kc3 Qc2# 0-1

[Event "Reykjavik Open 2024"]
[Site "Reykjavik ISL"]
[Date "2024.03.20"]
[Round "8.50"]
[White "Spencer, Aaron"]
[Black "Xu, Yuanyuan"]
[Result "0-1"]
[BlackTitle "WGM"]
[WhiteElo "1899"]
[BlackElo "2288"]
[WhiteFideId "2061368"]
[BlackFideId "8601089"]
[EventDate "2024.03.15"]

1. d4 Nf6 2. c4 e6 3. g3 c5 4. d5 exd5 5. cxd5 d6 6. Bg2 g6 7. Nc3 Bg7 8. Nf3
O-O 9. O-O Re8 10. Nd2 a6 11. a4 Nbd7 12. e4 Rb8 13. Nc4 Ne5 14. Nxe5 Rxe5 15.
f4 Re8 16. e5 Nd7 17. e6 fxe6 18. dxe6 Nf6 19. f5 gxf5 20. Bf4 Rxe6 21. Qb3 Kh8
22. Rad1 b5 23. Bh3 c4 24. Qc2 Qb6+ 25. Qf2 Ng4 26. Qxb6 Rxb6 27. a5 Rb7 28. Bg2
Rd7 29. Bd5 Rg6 30. Rfe1 Ne5 31. Bc6 Re7 32. Nd5 Nf3+ 33. Kf2 Rxe1 34. Rxe1 Nxe1 0-1

[Event "Reykjavik Open 2024"]
[Site "Reykjavik ISL"]
[Date "2024.03.20"]
[Round "8.51"]
[White "Kjartansson, Matthias Bjorgvin"]
[Black "Unzicker, Ferdinand"]
[Result "0-1"]
[BlackTitle "FM"]
[WhiteElo "1893"]
[BlackElo "2284"]
[WhiteFideId "2319225"]
[BlackFideId "4619196"]
[EventDate "2024.03.15"]

1. d4 d5 2. c4 e6 3. Nc3 Be7 4. Bf4 Nf6 5. e3 O-O 6. Bd3 c5 7. dxc5 dxc4 8. Bxc4
Qa5 9. Nf3 Qxc5 10. Qe2 Nh5 11. Bxb8 Rxb8 12. O-O Nf6 13. Rfd1 a6 14. Rac1 b5
15. Bb3 Qb6 16. h3 Bb7 17. Nd4 Rfd8 18. a4 b4 19. Nb1 Bc5 20. Nf3 Rxd1+ 21. Rxd1
Rd8 22. Rxd8+ Qxd8 23. Nbd2 h6 24. Nc4 Nd5 25. Qd2 Qc7 26. Nfe5 Be7 27. Nd3 Nf6
28. Qe2 Ne4 29. Ba2 Bc6 30. Qc2 Bd5 31. Bb3 Bh4 32. f3 Qg3 33. Qe2 Ng5 34. e4
Nxh3+ 35. Kh1 Nf4 36. Nxf4 Bxc4 37. Bxc4 Qxf4 38. g4 a5 39. b3 Qg3 40. Qg2 Qe1+
41. Qf1 Qd2 42. Qe2 Qc1+ 43. Qf1 Qf4 44. Qe2 Bf6 45. Bd3 Be5 46. Bc4 g6 47. Qg2
Kg7 48. Bb5 Qc1+ 49. Qf1 Qc2 50. Qe2 Qxb3 51. Kg2 Qc3 52. Qd3 Qb2+ 53. Qe2 Qc1
54. Kf2 Bd4+ 55. Kg3 Qg1+ 56. Qg2 Qe1+ 57. Kh3 Be5 58. Bc4 Kf6 59. f4 Bxf4 60.
Qf3 Qd2 61. Be2 b3 0-1

[Event "Reykjavik Open 2024"]
[Site "Reykjavik ISL"]
[Date "2024.03.20"]
[Round "8.52"]
[White "Stanford, Maxim Barth"]
[Black "Heidarsson, Arnar Milutin"]
[Result "0-1"]
[WhiteTitle "IM"]
[WhiteElo "2275"]
[BlackElo "2037"]
[WhiteFideId "408280"]
[BlackFideId "2312875"]
[EventDate "2024.03.15"]

1. d4 d5 2. Nc3 Nf6 3. Bg5 e6 4. e4 dxe4 5. Nxe4 Nbd7 6. Nf3 Be7 7. Nxf6+ Bxf6
8. h4 O-O 9. Bd3 c5 10. c3 cxd4 11. cxd4 e5 12. Qc2 h6 13. Bxf6 Qxf6 14. Kf1
exd4 15. Re1 Nb6 16. Ng5 Qc6 17. Qb1 g6 18. Rc1 Qf6 19. Ne4 Qf4 20. Rc5 f5 21.
Ng3 Be6 22. Ne2 Qd6 23. Qc1 Kg7 24. Rh3 f4 25. Rc7+ Kg8 26. Rf3 Bg4 27. Nxf4
Bxf3 28. Nxg6 Nd5 29. Rh7 Kxh7 30. Nxf8+ Kg7 31. Ng6 Qh2 0-1

[Event "Reykjavik Open 2024"]
[Site "Reykjavik ISL"]
[Date "2024.03.20"]
[Round "8.53"]
[White "Fanos, Haralambos"]
[Black "Bisby, Daniel L"]
[Result "0-1"]
[BlackTitle "FM"]
[WhiteElo "1872"]
[BlackElo "2273"]
[WhiteFideId "4249208"]
[BlackFideId "404586"]
[EventDate "2024.03.15"]

1. c4 g6 2. d4 Nf6 3. h4 Bg7 4. Nc3 d6 5. e4 Nc6 6. Be2 e5 7. d5 Nd4 8. Be3 c5
9. dxc6 bxc6 10. Bxd4 exd4 11. Qxd4 O-O 12. Qd2 Rb8 13. Rd1 Rxb2 14. Qxb2 Nxe4
15. Qc2 Nxc3 16. Rd2 Re8 17. Kf1 h5 18. Nf3 Ne4 19. Rd1 Qb6 20. Bd3 Nc5 21. Ng5
Nxd3 22. Qxd3 d5 23. Kg1 Bf5 24. Qb3 Qxb3 25. axb3 Bc2 26. Rc1 Bxb3 27. cxd5
Bxd5 28. Rh3 a5 29. Re3 Rxe3 30. fxe3 a4 31. e4 Bb3 32. Rxc6 Bb2 33. e5 a3 34.
e6 a2 35. exf7+ Bxf7 36. Ra6 a1=Q+ 37. Rxa1 Bxa1 38. Kf2 Bf6 39. Nf3 Bd5 40. g3
Kf7 41. Nh2 Bd4+ 42. Ke2 Be5 43. Kf2 Kf6 44. Nf1 Bd4+ 45. Ke1 Kf5 46. Nh2 Bg2
47. Ke2 Bg1 48. Nf3 Bxf3+ 49. Kxf3 Bc5 0-1